00524nam a22001817a 450000500170000000800410001702000150005802400080007308000100008124500790009125000140017026000650018430000210024950400200027065000160029070000170030670000190032320140607042546.0040330s2004 ja b 001 0 eng  a9280810979 0ceng a338.100aInnovation, learning, and technological dynamism of developing countries / a1 st.ed.: aTokyo ;aNew York :bUnited Nations University Press,c2004. a242 f. ;c23 cm. aIndex f.229-242 0aTeknologjia1 aMani, Sunil.1 aRomijn, Henny.